Mozley & Whiteley's law dictionary / (Record no. 14940)
[ view plain ]
| 000 -LEADER | |
|---|---|
| fixed length control field | 00643cam a22002172 4500 |
| 001 - CONTROL NUMBER | |
| control field | 0000003410 |
| 005 - DATE AND TIME OF LATEST TRANSACTION | |
| control field | 20151217161132.0 |
| 008 - FIXED-LENGTH DATA ELEMENTS--GENERAL INFORMATION | |
| fixed length control field | 070507s xx 000 0 eng d |
| 020 ## - INTERNATIONAL STANDARD BOOK NUMBER | |
| International Standard Book Number | 0406913587 : |
| Terms of availability | KES 1,460 |
| 040 ## - CATALOGING SOURCE | |
| Original cataloging agency | KABU |
| Transcribing agency | KABU |
| 050 #0 - LIBRARY OF CONGRESS CALL NUMBER | |
| Classification number | KD313 |
| Item number | .P46 2001 |
| 100 1# - MAIN ENTRY--PERSONAL NAME | |
| Personal name | Penner, J. E. |
| -- | 0000153320 |
| 245 10 - TITLE STATEMENT | |
| Title | Mozley & Whiteley's law dictionary / |
| Statement of responsibility, etc. | J. E. Penner. |
| 250 ## - EDITION STATEMENT | |
| Edition statement | 12th ed. |
| 260 ## - PUBLICATION, DISTRIBUTION, ETC. (IMPRINT) | |
| Place of publication, distribution, etc. | London : |
| Name of publisher, distributor, etc. | Butterworths, |
| Date of publication, distribution, etc. | 2001. |
| 300 ## - PHYSICAL DESCRIPTION | |
| Extent | 391 p. |
| 650 #0 - SUBJECT ADDED ENTRY--TOPICAL TERM | |
| Topical term or geographic name as entry element | Law |
| Geographic subdivision | Great Britain. |
| Form subdivision | Dictionaries. |
| -- | 0000153321 |
| 908 ## - PUT COMMAND PARAMETER (RLIN) | |
| Put command parameter | 070507 |
| 950 ## - LOCAL HOLDINGS (RLIN) | |
| -- | 1 |
| Withdrawn status | Lost status | Source of classification or shelving scheme | Not for loan | Home library | Current library | Date acquired | Total Checkouts | Full call number | Barcode | Date last seen | Price effective from | Koha item type |
|---|---|---|---|---|---|---|---|---|---|---|---|---|
| Library of Congress Classification | Not For Loan | Kabarak, Main Campus | Kabarak, Main Campus | 17/12/2015 | KD313 .P46 2001 | 010112 | 17/12/2015 | 17/12/2015 | Reference |